[Event "Andalucia-ch U10"]
[Site "Islantilla"]
[Date "2012.04.14"]
[Round "7"]
[White "Torres Ventosa, Angel Javier"]
[Black "Ollero Contreras, Luis"]
[Result "1-0"]
[WhiteElo "1682"]
[BlackElo "1276"]
[PlyCount "58"]
[EventDate "2012.04.13"]
[EventType "swiss"]
[EventRounds "9"]
[EventCountry "ESP"]
[SourceTitle "CBM 148 Extra"]
[Source "ChessBase"]
[SourceDate "2012.06.22"]
[SourceVersion "1"]
[SourceVersionDate "2012.06.22"]
[SourceQuality "1"]

1. c4 e5 2. Nc3 Nc6 3. Nf3 Nf6 4. g3 d6 5. Bg2 Bd7 6. 0-0 Be7 7. d3 0-0 8. Nd5 Nxd5 9. cxd5 Nd4 10. e4 Bg4 11. Be3 Nxf3+ 12. Bxf3 Bxf3 13. Qxf3 Bg5 14. Rac1 Bxe3 15. Qxe3 Rc8 16. a3 c6 17. dxc6 Rxc6 18. Rxc6 bxc6 19. Qxa7 d5 20. Rc1 dxe4 21. dxe4 Qd4 22. Qxd4 exd4 23. Rxc6 Rb8 24. Rd6 h6 25. b4 Ra8 26. Rxd4 Rxa3 27. e5 Kf8 28. Re4 Ke7 29. Kf1 Ra2 1-0